Statystyki dla Najbardziej wartościowe kluby piłkarskie

Kliknij tutaj aby rozwiązać quiz!

Ogólne statystyki

  • Ten quiz został rozwiązany 75 razy
  • Średni wynik to 12 z 15

Statystyki odpowiedzi

Wartość klubu
w mld dolarów
Nazwa Klubu% Poprawnych
4,95 mldFC Barcelona
99%
5,23 mldReal Madryt
99%
4,43 mldManchester City
90%
5,95 mldManchester United
90%
3,41 mldParis Saint-Germain
90%
4,46 mldBayern Monachium
88%
4,71 mldLiverpool
84%
3,6 mldArsenal
83%
3,47 mldChelsea
81%
1,73 mldJuventus
78%
1,61 mldBorussia Dortmund
75%
1,2 mldAC Milan
72%
1,11 mldInter Mediolan
72%
1,56 mldAtletico Madryt
68%
3,19 mldTottenham Hotspur
62%

Rozkład punktacji

Percentyl według liczby udzielonych odpowiedzi

Procent ludzi z każdym wynikiem

Twoja historia wyników

Nie rozwiązałeś tego quizu